Control of Microgrid with Multiple Distributed Generations in Islanded Mode / (Record no. 602003)

000 -LEADER
fixed length control field 00491nam a2200157Ia 4500
008 - FIXED-LENGTH DATA ELEMENTS--GENERAL INFORMATION
fixed length control field 230907s9999||||xx |||||||||||||| ||und||
082 ## - DEWEY DECIMAL CLASSIFICATION NUMBER
Classification number 621.31
Author Mark MUZ
100 ## - MAIN ENTRY--PERSONAL NAME
Personal name Muhammad Muzammil Farooqi (00000277341)
9 (RLIN) 116655
245 #0 - TITLE STATEMENT
Title Control of Microgrid with Multiple Distributed Generations in Islanded Mode /
260 ## - PUBLICATION, DISTRIBUTION, ETC.
Place of publication, distribution, etc. USPCAS-E, NUST
Name of publisher, distributor, etc. Islamabad :
Date of publication, distribution, etc. 2021
300 ## - PHYSICAL DESCRIPTION
Extent xi, 56 p
520 ## - SUMMARY, ETC.
Summary, etc. TH-325
650 ## - SUBJECT ADDED ENTRY--TOPICAL TERM
Topical term or geographic name entry element MS-EEP Thesis
700 ## - ADDED ENTRY--PERSONAL NAME
Personal name Dr Abasin Ulasyar
9 (RLIN) 117719
942 ## - ADDED ENTRY ELEMENTS (KOHA)
Koha item type Thesis
Source of classification or shelving scheme
Holdings
Withdrawn status Lost status Source of classification or shelving scheme Damaged status Not for loan Permanent Location Current Location Date acquired Full call number Barcode Date last seen Price effective from Koha item type
          US-Pakistan Center for Advanced Studies in Energy (USPCAS-E) US-Pakistan Center for Advanced Studies in Energy (USPCAS-E) 12/21/2021 621.31 MUZ CAS-ETH0000325 09/12/2023 09/12/2023 Thesis
© 2023 Central Library, National University of Sciences and Technology. All Rights Reserved.